header

Fantastic Beast and Where To Find Them (Record no. 261932)

MARC details
000 -LEADER
fixed length control field 00228nam a22000977a 4500
020 ## - INTERNATIONAL STANDARD BOOK NUMBER
ISBN 0439295017
100 ## - MAIN ENTRY--AUTHOR NAME
Personal name J.K Rowling
245 ## - TITLE STATEMENT
Title Fantastic Beast and Where To Find Them
260 ## - PUBLICATION, DISTRIBUTION, ETC. (IMPRINT)
Place of publication London
Name of publisher Scholastic
Year of publication 2001
942 ## - ADDED ENTRY ELEMENTS (KOHA)
Koha item type Long Loan Books
Holdings
Withdrawn status Lost status Collection code Home library Current library Shelving location Date acquired Accession Number Koha item type
    Fiction Rongo University Library Rongo University Library Children's Area 28/11/2023 CL20211293 Long Loan Books

© 2026 Rongo University
Contact us: librarian | system librarian | Rongo university